000 00946 a2200217 4500
003 NUST
005 20221230145637.0
010 _a 2003052070
020 _a0321123816 (pbk.)
040 _cNust
082 0 0 _a621.38456,SCH
100 1 _aSchiller, Jochen H.
_956484
245 1 0 _aMobile communications /
_cJochen H. Schiller.
250 _a2nd ed.
260 _aLondon ;
_aBoston :
_bAddison-Wesley,
_c2003.
300 _axviii, 492 p. :
_bill. ;
_c24 cm.
505 _aIntroduction (Page-1), Wireless Transmission (Page-25), Medium Access Control (Page-69), Telecommunications Systems (Page-93), Satellite Systems (Page-165), Broadcast Systems (Page-183), Wireless LAN (Page-201), Mobile Network Layer (Page-303), Mobile Transport Layer (Page-351), Support For Mobility (Page-375), Outlook (Page-449).
650 0 _aMobile communication systems.
_918556
650 0 _aWireless communication systems.
_9594
942 _2ddc
_cBK
_k621.38456,SCH
999 _c183635
_d183635